[Event "POL ch 44"]
[Site "Wroclaw"]
[Date "1987.??.??"]
[Round "1"]
[White "Dejkalo, Stefan"]
[Black "Bany, Jerzy"]
[Result "1/2-1/2"]
[WhiteElo "2395"]
[BlackElo "2430"]
[PlyCount "46"]
[EventDate "1987.??.??"]
[Source "Polbase"]
[SourceDate "1999.10.27"]

1. d4 d5 2. c4 c6 3. Nf3 Nf6 4. e3 Bf5 5. cxd5 cxd5 6. Qb3 Qc7 7. Nc3 e6 8. Nh4
Bg4 9. h3 Bh5 10. g4 Bg6 11. Nxg6 hxg6 12. g5 Nfd7 13. e4 Nc6 14. Be3 Nb6 15.
exd5 Nxd5 16. Nxd5 exd5 17. Qxd5 Bb4+ 18. Ke2 Rh4 19. Rc1 Qb6 20. Kf3 Nxd4+ 21.
Kg3 Qd6+ 22. Qxd6 Nf5+ 23. Kf3 Bxd6 1/2-1/2

[Event "POL ch 44"]
[Site "Wroclaw"]
[Date "1987.??.??"]
[Round "1"]
[White "Hawelko, Marek"]
[Black "Staniszewski, Piotr"]
[Result "0-1"]
[WhiteElo "2460"]
[BlackElo "2420"]
[PlyCount "66"]
[EventDate "1987.??.??"]
[Source "Polbase"]
[SourceDate "1999.10.27"]

1. e4 c5 2. Nf3 d6 3. d4 cxd4 4. Nxd4 Nf6 5. Nc3 a6 6. f4 e5 7. Nf3 Nbd7 8. a4
Be7 9. Bc4 Qa5 10. Qe2 O-O 11. Ba2 exf4 12. O-O Ne5 13. Bxf4 Be6 14. Kh1 Bxa2
15. Rxa2 Rac8 16. Nd4 g6 17. Nf3 Ned7 18. e5 dxe5 19. Nxe5 Nxe5 20. Bxe5 Rfe8
21. Bd4 Bc5 22. Qf2 Bxd4 23. Qxd4 Qe5 24. Qb4 Ne4 25. Qxb7 Nf2+ 26. Kg1 Ng4 27.
Qxf7+ Kh8 28. Qf4 Qc5+ 29. Kh1 Rf8 30. Qc1 Rxf1+ 31. Qxf1 Rf8 32. Qa1 Nf2+ 33.
Kg1 Nd1+ 0-1

[Event "POL ch 44"]
[Site "Wroclaw"]
[Date "1987.??.??"]
[Round "1"]
[White "Juroszek, Tadeusz"]
[Black "Kuczynski, Robert"]
[Result "0-1"]
[WhiteElo "2320"]
[BlackElo "2450"]
[PlyCount "138"]
[EventDate "1987.??.??"]
[Source "Polbase"]
[SourceDate "1999.10.27"]

1. e4 c5 2. Nf3 d6 3. d4 cxd4 4. Nxd4 Nf6 5. Nc3 a6 6. Bc4 e6 7. Bb3 b5 8. O-O
Be7 9. f4 Bb7 10. e5 dxe5 11. fxe5 Bc5 12. Be3 Nc6 13. exf6 Bxd4 14. Qe1 Bxe3+
15. Qxe3 Qd4 16. Rae1 gxf6 17. Ne4 Ke7 18. Nxf6 Rad8 19. Bd5 Rxd5 20. Nxd5+
Qxd5 21. Rd1 Qe5 22. Qb6 Rb8 23. Rfe1 Ba8 24. Qf2 Qg5 25. h4 Qh5 26. Qg3 Rd8
27. Rxd8 Nxd8 28. Qa3+ Ke8 29. Re3 Qxh4 30. Rg3 Qe7 31. Qxa6 Qc5+ 32. Kh2 Bd5
33. Qa5 Ke7 34. Rg8 Qd6+ 35. Kg1 Bc6 36. Qa7+ Bd7 37. Qa8 Qb6+ 38. Kh1 Qc7 39.
Qe4 Bc6 40. Qb4+ Kd7 41. Qf8 Kc8 42. Qh6 Be4 43. c3 Qd6 44. Qh4 Bg6 45. c4 Qd1+
46. Kh2 Qd6+ 47. Kh1 bxc4 48. Qxc4+ Qc7 49. Qa6+ Kd7 50. b4 Qc1+ 51. Kh2 Qf4+
52. Kh1 Qh4+ 53. Kg1 Qxb4 54. Qa7+ Nb7 55. Qa8 Qb6+ 56. Kh1 Nd8 57. a4 Nc6 58.
Rc8 Be4 59. Rg8 Bg6 60. Rc8 Be4 61. Rg8 Qa7 62. Qe8+ Kd6 63. Qf8+ Kd5 64. Qa3
Qc5 65. Qb3+ Kd6 66. Qg3+ Kd7 67. Rg5 Bf5 68. Rg8 Qc2 69. Qg7 Bg6 0-1

[Event "POL ch 44"]
[Site "Wroclaw"]
[Date "1987.??.??"]
[Round "1"]
[White "Maciejewski, Miroslaw"]
[Black "Matlak, Marek"]
[Result "0-1"]
[WhiteElo "2285"]
[BlackElo "2390"]
[PlyCount "70"]
[EventDate "1987.??.??"]
[Source "Polbase"]
[SourceDate "1999.10.27"]

1. c4 e6 2. Nc3 d5 3. d4 c6 4. Nf3 dxc4 5. Ne5 b5 6. g3 Bb7 7. Bg2 a6 8. O-O
Nf6 9. a4 Nd5 10. e4 Nxc3 11. bxc3 Nd7 12. f4 Be7 13. Ng4 O-O 14. e5 g6 15.
Nh6+ Kg7 16. f5 exf5 17. g4 f4 18. Bxf4 Bg5 19. Qd2 Kxh6 20. Rf3 Bxf4 21. Qxf4+
Kg7 22. Rh3 Rh8 23. Rf1 Qe7 24. e6 fxe6 25. Qc7 Rab8 26. Rhf3 Rhd8 27. axb5
axb5 28. g5 Kg8 29. Bh3 Rdc8 30. Qg3 Rf8 31. Qg4 Rbe8 32. Re1 Rxf3 33. Qxf3
Qxg5+ 34. Kh1 Nf8 35. Rf1 Qd5 0-1

[Event "POL ch 44"]
[Site "Wroclaw"]
[Date "1987.??.??"]
[Round "1"]
[White "Pinkas, Karol"]
[Black "Tomaszewski, Roman"]
[Result "1/2-1/2"]
[WhiteElo "2405"]
[BlackElo "2380"]
[PlyCount "86"]
[EventDate "1987.??.??"]
[Source "Polbase"]
[SourceDate "1999.10.27"]

1. e4 Nf6 2. e5 Nd5 3. d4 d6 4. Nf3 g6 5. Ng5 c6 6. f4 f6 7. Nf3 Bg7 8. Bc4 O-O
9. Nc3 Kh8 10. exf6 exf6 11. Bxd5 cxd5 12. Nxd5 Qa5+ 13. Nc3 Re8+ 14. Kf2 Nc6
15. h3 Bf5 16. a3 Rac8 17. Kg3 Nb4 18. Bd2 Nxc2 19. Rc1 Ne3 20. Qb3 Nc4 21.
Qxb7 Rb8 22. Qc6 Rec8 23. Qd5 Qxd5 24. Nxd5 Nxd2 25. Nxd2 Rxb2 26. Rxc8+ Bxc8
27. Re1 Bd7 28. Ne4 Bc6 29. Nb4 Bxe4 30. Rxe4 Rb3+ 31. Kh2 h5 32. Nc2 Rc3 33.
Re2 h4 34. f5 gxf5 35. Ne3 Bh6 36. Nxf5 Bf4+ 37. Kg1 Rxa3 38. Re6 Ra2 39. Kf1
a5 40. Nxh4 Bg5 41. Nf3 a4 42. Nxg5 fxg5 43. Rxd6 a3 1/2-1/2

[Event "POL ch 44"]
[Site "Wroclaw"]
[Date "1987.??.??"]
[Round "1"]
[White "Przewoznik, Jan"]
[Black "Adamski, Jan"]
[Result "1/2-1/2"]
[WhiteElo "2430"]
[BlackElo "2420"]
[PlyCount "44"]
[EventDate "1987.??.??"]
[Source "Polbase"]
[SourceDate "1999.10.27"]

1. e4 c5 2. Nf3 e6 3. d4 cxd4 4. Nxd4 a6 5. Bd3 Nf6 6. O-O d6 7. c4 Bd7 8. Nc3
Nc6 9. Nxc6 Bxc6 10. Qe2 Be7 11. f4 O-O 12. Be3 Nd7 13. Bd4 e5 14. Be3 exf4 15.
Bxf4 Qc7 16. Rad1 Bf6 17. Qd2 Be5 18. Bc2 Rad8 19. Kh1 Rfe8 20. Bxe5 Nxe5 21.
Qd4 a5 22. Rd2 b6 1/2-1/2

[Event "POL ch 44"]
[Site "Wroclaw"]
[Date "1987.??.??"]
[Round "1"]
[White "Schmidt, Wlodzimierz"]
[Black "Skrobek, Ryszard"]
[Result "1/2-1/2"]
[WhiteElo "2470"]
[BlackElo "2410"]
[PlyCount "36"]
[EventDate "1987.??.??"]
[Source "Polbase"]
[SourceDate "1999.10.27"]

1. d4 Nf6 2. c4 e6 3. Nf3 Bb4+ 4. Nbd2 c5 5. a3 Bxd2+ 6. Bxd2 cxd4 7. Nxd4 Nc6
8. Bc3 O-O 9. g3 Ne4 10. Rc1 Qb6 11. e3 Nxc3 12. Rxc3 d6 13. b4 a5 14. b5 Ne7
15. Bg2 e5 16. Nc2 Be6 17. e4 Qc5 18. Ne3 Qxe3+ 1/2-1/2

[Event "POL ch 44"]
[Site "Wroclaw"]
[Date "1987.??.??"]
[Round "1"]
[White "Sygulski, Artur"]
[Black "Panczyk, Krzysztof"]
[Result "1-0"]
[WhiteElo "2400"]
[BlackElo "2410"]
[PlyCount "61"]
[EventDate "1987.??.??"]
[Source "Polbase"]
[SourceDate "1999.10.27"]

1. c4 e6 2. g3 d5 3. Bg2 dxc4 4. Qa4+ Nd7 5. Qxc4 c5 6. Nf3 Ngf6 7. b3 Be7 8.
Bb2 O-O 9. O-O Rb8 10. Nc3 a6 11. Ne4 b5 12. Nxf6+ Nxf6 13. Qc2 Bb7 14. Ng5 h6
15. Bxf6 hxg5 16. Bxe7 Qxe7 17. Bxb7 Rxb7 18. Rac1 Rc7 19. Qe4 Rd8 20. Rc2 Rd5
21. d3 Qd6 22. a4 g6 23. axb5 axb5 24. Ra1 Kg7 25. Ra5 c4 26. bxc4 bxc4 27.
Rxd5 Qxd5 28. Rxc4 Rxc4 29. Qxc4 Qxc4 30. dxc4 Kf6 31. e3 1-0

[Event "POL ch 44"]
[Site "Wroclaw"]
[Date "1987.??.??"]
[Round "1"]
[White "Sznapik, Aleksander"]
[Black "Stempin, Pawel"]
[Result "1-0"]
[WhiteElo "2425"]
[BlackElo "2415"]
[PlyCount "67"]
[EventDate "1987.??.??"]
[Source "Polbase"]
[SourceDate "1999.10.27"]

1. e4 e5 2. Nf3 Nc6 3. Bb5 a6 4. Ba4 Nf6 5. O-O Be7 6. Re1 b5 7. Bb3 d6 8. c3
O-O 9. h3 Bb7 10. d4 Re8 11. Nbd2 Bf8 12. a3 h6 13. Bc2 Nb8 14. b4 Nbd7 15. Bb2
c5 16. bxc5 dxc5 17. dxe5 Nh5 18. c4 Nf4 19. a4 Bc6 20. Nf1 Ng6 21. Ne3 Ndxe5
22. Nxe5 Nxe5 23. axb5 axb5 24. cxb5 Bxb5 25. Rxa8 Qxa8 26. Nd5 Qa7 27. f4 Nd3
28. Bxd3 c4+ 29. Kh2 cxd3 30. Re3 Qd7 31. Rg3 Kh7 32. Qf3 Rd8 33. f5 Bc4 34.
Nf6+ 1-0

[Event "POL ch 44"]
[Site "Wroclaw"]
[Date "1987.??.??"]
[Round "2"]
[White "Adamski, Jan"]
[Black "Maciejewski, Miroslaw"]
[Result "1-0"]
[WhiteElo "2420"]
[BlackElo "2285"]
[PlyCount "57"]
[EventDate "1987.??.??"]
[Source "Polbase"]
[SourceDate "1999.10.27"]

1. Nf3 Nf6 2. c4 c5 3. Nc3 b6 4. g3 Bb7 5. Bg2 g6 6. O-O Bg7 7. d4 cxd4 8. Qxd4
d6 9. Qh4 h6 10. Rd1 Nc6 11. Qf4 Rc8 12. Rb1 Qd7 13. b3 O-O 14. Bb2 Nb4 15. h3
Rfd8 16. Qe3 e6 17. Nb5 d5 18. Nxa7 Rc5 19. Nb5 Qe8 20. Qd2 Nc6 21. Bxf6 Bxf6
22. Qxh6 Be7 23. cxd5 Rdxd5 24. Rxd5 Rxd5 25. Nc7 Qd8 26. Nxd5 Qxd5 27. Qd2 Qb5
28. Nd4 Nxd4 29. Qxd4 1-0

[Event "POL ch 44"]
[Site "Wroclaw"]
[Date "1987.??.??"]
[Round "2"]
[White "Bany, Jerzy"]
[Black "Sznapik, Aleksander"]
[Result "1/2-1/2"]
[WhiteElo "2430"]
[BlackElo "2425"]
[PlyCount "33"]
[EventDate "1987.??.??"]
[Source "Polbase"]
[SourceDate "1999.10.27"]

1. Nf3 Nf6 2. d4 g6 3. e3 Bg7 4. Bd3 O-O 5. O-O c5 6. dxc5 Qa5 7. a3 Qxc5 8. b4
Qc7 9. Bb2 b6 10. Nbd2 Bb7 11. Re1 d6 12. Nf1 Nbd7 13. Rc1 Rad8 14. c4 Qb8 15.
Be2 Rfe8 16. Qb3 Ne4 17. Bxg7 1/2-1/2

[Event "POL ch 44"]
[Site "Wroclaw"]
[Date "1987.??.??"]
[Round "2"]
[White "Kuczynski, Robert"]
[Black "Hawelko, Marek"]
[Result "1/2-1/2"]
[WhiteElo "2450"]
[BlackElo "2460"]
[PlyCount "121"]
[EventDate "1987.??.??"]
[Source "Polbase"]
[SourceDate "1999.10.27"]

1. e4 e5 2. Nf3 Nc6 3. Bc4 Nf6 4. d3 Bc5 5. c3 d6 6. O-O O-O 7. Re1 a6 8. Bb3
Ba7 9. h3 h6 10. Nbd2 Nh5 11. Nf1 Qf6 12. Be3 Be6 13. Bc2 Nf4 14. Bxa7 Rxa7 15.
d4 Ne7 16. Ne3 Raa8 17. Kh2 Rad8 18. d5 Bc8 19. Ng1 Qg6 20. g3 Nh5 21. Nf3 Nf6
22. Nh4 Qh5 23. Qc1 Qg5 24. Rf1 Nh5 25. Nhg2 c6 26. c4 Bd7 27. h4 Qg6 28. Qd2
Nf6 29. f3 Nh5 30. g4 Nf4 31. Nxf4 exf4 32. Ng2 Qf6 33. Qxf4 Qxb2 34. Bb3 cxd5
35. cxd5 Ng6 36. Qg3 Ne5 37. Qf2 Qc3 38. Qe3 Rc8 39. Kg3 Qxe3 40. Nxe3 Rc3 41.
Nd1 Rd3 42. Nb2 Rd2 43. Rf2 Rxf2 44. Kxf2 Rc8 45. a4 Rc3 46. Bd1 g5 47. hxg5
hxg5 48. Be2 b5 49. Nd1 Rc2 50. Ne3 Rb2 51. Nd1 Rb3 52. axb5 Bxb5 53. Ra2 Bxe2
54. Kxe2 Rxf3 55. Rxa6 Rf6 56. Nf2 Kg7 57. Nh3 Kg6 58. Nf2 Kg7 59. Nh3 Kh6 60.
Nf2 Kg7 61. Nh3 1/2-1/2

[Event "POL ch 44"]
[Site "Wroclaw"]
[Date "1987.??.??"]
[Round "2"]
[White "Kuligowski, Adam"]
[Black "Schmidt, Wlodzimierz"]
[Result "0-1"]
[WhiteElo "2400"]
[BlackElo "2470"]
[PlyCount "56"]
[EventDate "1987.??.??"]
[Source "Polbase"]
[SourceDate "1999.10.27"]

1. c4 g6 2. e4 Bg7 3. d4 d6 4. Nc3 Nf6 5. f3 O-O 6. Nge2 c5 7. d5 e6 8. Ng3
exd5 9. cxd5 a6 10. a4 Nbd7 11. Be2 Ne8 12. O-O Rb8 13. Ra3 Nc7 14. Rb3 b5 15.
axb5 axb5 16. Bf4 c4 17. Bxd6 cxb3 18. Bxf8 Qxf8 19. Qxb3 Nc5 20. Qc2 b4 21.
Nd1 h5 22. Bc4 Nb5 23. Ne3 Nd6 24. Rd1 b3 25. Qf2 Na4 26. Rd2 Nxb2 27. Rxb2
Bxb2 28. Qxb2 Nxc4 0-1

[Event "POL ch 44"]
[Site "Wroclaw"]
[Date "1987.??.??"]
[Round "2"]
[White "Matlak, Marek"]
[Black "Sygulski, Artur"]
[Result "1/2-1/2"]
[WhiteElo "2390"]
[BlackElo "2400"]
[PlyCount "26"]
[EventDate "1987.??.??"]
[Source "Polbase"]
[SourceDate "1999.10.27"]

1. Nf3 Nf6 2. d4 g6 3. Bf4 Bg7 4. e3 d6 5. h3 O-O 6. Be2 b6 7. O-O Bb7 8. Bh2
Nbd7 9. c4 Ne4 10. Nfd2 Nxd2 11. Qxd2 e5 12. dxe5 Nxe5 13. Nc3 f5 1/2-1/2

[Event "POL ch 44"]
[Site "Wroclaw"]
[Date "1987.??.??"]
[Round "2"]
[White "Panczyk, Krzysztof"]
[Black "Juroszek, Tadeusz"]
[Result "1/2-1/2"]
[WhiteElo "2410"]
[BlackElo "2320"]
[PlyCount "111"]
[EventDate "1987.??.??"]
[Source "Polbase"]
[SourceDate "1999.10.27"]

1. d4 Nf6 2. c4 c5 3. d5 e5 4. Nc3 d6 5. e4 Be7 6. Nf3 O-O 7. Bd3 Ne8 8. h3 Nd7
9. g4 a6 10. a4 g6 11. Bh6 Ng7 12. Rg1 Nf6 13. Ne2 Bd7 14. a5 b5 15. axb6 Qxb6
16. b3 a5 17. Ng3 Kh8 18. Kf1 Ng8 19. Be3 Qd8 20. Bc2 Qc8 21. Nd2 f5 22. exf5
gxf5 23. gxf5 Nxf5 24. Nxf5 Bxf5 25. Bxf5 Qxf5 26. Qg4 Qf7 27. Ne4 Nf6 28. Nxf6
Qxf6 29. Rg3 Rab8 30. Rxa5 Rxb3 31. Kg2 Rbb8 32. Rf3 Qxf3+ 33. Qxf3 Rxf3 34.
Kxf3 Rb4 35. Ke4 Bf8 36. Kf5 Rxc4 37. Kf6 Kg8 38. Ra8 Rh4 39. Bg5 Rxh3 40. Ke6
Rf3 41. Be7 Kg7 42. Bxf8+ Rxf8 43. Ra7+ Kg6 44. Kxd6 Rxf2 45. Kxe5 Re2+ 46. Kd6
h5 47. Kxc5 Kg5 48. d6 Rc2+ 49. Kd5 Rd2+ 50. Ke6 Re2+ 51. Kf7 Rf2+ 52. Ke8 Rd2
53. Ra5+ Kg4 54. Ra4+ Kg3 55. Ra3+ Kg4 56. Ra4+ 1/2-1/2

[Event "POL ch 44"]
[Site "Wroclaw"]
[Date "1987.??.??"]
[Round "2"]
[White "Skrobek, Ryszard"]
[Black "Dejkalo, Stefan"]
[Result "1/2-1/2"]
[WhiteElo "2410"]
[BlackElo "2395"]
[PlyCount "34"]
[EventDate "1987.??.??"]
[Source "Polbase"]
[SourceDate "1999.10.27"]

1. e4 d5 2. exd5 Nf6 3. Bb5+ Bd7 4. Bc4 b5 5. Bb3 Bg4 6. f3 Bc8 7. Qe2 a6 8. c4
c6 9. Nc3 cxd5 10. Nxd5 Nxd5 11. cxd5 Nd7 12. d4 Nb6 13. Qe5 Bb7 14. Ne2 Nxd5
15. Nc3 Nxc3 16. bxc3 Qd6 17. Qxd6 exd6 1/2-1/2

[Event "POL ch 44"]
[Site "Wroclaw"]
[Date "1987.??.??"]
[Round "2"]
[White "Stempin, Pawel"]
[Black "Pinkas, Karol"]
[Result "1-0"]
[WhiteElo "2415"]
[BlackElo "2405"]
[PlyCount "78"]
[EventDate "1987.??.??"]
[Source "Polbase"]
[SourceDate "1999.10.27"]

1. d4 d5 2. c4 c6 3. Nf3 Nf6 4. Nc3 e6 5. Bg5 Nbd7 6. e3 Qa5 7. Nd2 dxc4 8.
Bxf6 Nxf6 9. Nxc4 Qc7 10. Rc1 Bd7 11. a3 Bd6 12. g3 e5 13. d5 Rd8 14. Bg2 cxd5
15. Nxd5 Nxd5 16. Bxd5 Be7 17. O-O O-O 18. Qh5 Bf6 19. e4 Ba4 20. Rc3 Qe7 21.
h4 g6 22. Qh6 Rc8 23. Rfc1 Rc5 24. b4 Rc7 25. Na5 Rxc3 26. Rxc3 b6 27. Nc6 Qd7
28. Qc1 Kg7 29. Kg2 h6 30. Bb3 Bxb3 31. Rxb3 g5 32. h5 Qg4 33. Qe3 a6 34. Rd3
Rc8 35. Rd6 Qxh5 36. Qxb6 Qe2 37. Rxf6 Qxe4+ 38. Kh2 Kxf6 39. Na7+ Kg7 1-0

[Event "POL ch 44"]
[Site "Wroclaw"]
[Date "1987.??.??"]
[Round "2"]
[White "Tomaszewski, Roman"]
[Black "Przewoznik, Jan"]
[Result "1/2-1/2"]
[WhiteElo "2380"]
[BlackElo "2430"]
[PlyCount "68"]
[EventDate "1987.??.??"]
[Source "Polbase"]
[SourceDate "1999.10.27"]

1. Nf3 f5 2. d4 Nf6 3. g3 g6 4. Bg2 Bg7 5. O-O O-O 6. c4 d6 7. Nc3 Qe8 8. d5
Na6 9. Rb1 Bd7 10. b4 c6 11. dxc6 bxc6 12. b5 cxb5 13. cxb5 Nc5 14. Nd4 Rc8 15.
Nc6 a6 16. a4 Nfe4 17. Nxe4 Nxe4 18. Bxe4 fxe4 19. Qb3+ Kh8 20. Na7 Rc3 21. Qb4
axb5 22. axb5 Rc2 23. b6 Bh3 24. Qxe4 Bf5 25. Qh4 Rxe2 26. Rb4 Rc2 27. Bh6 Bxh6
28. Qxh6 Qb8 29. Rc1 Rxc1+ 30. Qxc1 Qb7 31. Qc7 Qf3 32. Rf4 Qd1+ 33. Kg2 Qd5+
34. Kg1 Qd1+ 1/2-1/2

[Event "POL ch 44"]
[Site "Wroclaw"]
[Date "1987.??.??"]
[Round "3"]
[White "Dejkalo, Stefan"]
[Black "Kuligowski, Adam"]
[Result "0-1"]
[WhiteElo "2395"]
[BlackElo "2400"]
[PlyCount "88"]
[EventDate "1987.??.??"]
[Source "Polbase"]
[SourceDate "1999.10.27"]

1. d4 Nf6 2. c4 e6 3. Nc3 Bb4 4. g3 c5 5. Nf3 Nc6 6. Bg2 Qa5 7. d5 exd5 8. cxd5
Nxd5 9. Qxd5 Bxc3+ 10. Nd2 Ne7 11. Qb3 Bb4 12. a3 d5 13. axb4 Qxa1 14. O-O O-O
15. e4 c4 16. Qe3 dxe4 17. Nxe4 Nf5 18. Qc3 Qa6 19. Rd1 Be6 20. g4 Rad8 21. Re1
Nd4 22. Nc5 Qb6 23. Be3 Nb5 24. Qc1 Bd5 25. Nd7 Qc6 26. Ne5 Qe6 27. Bc5 Rfe8
28. h3 Bxg2 29. Kxg2 Qd5+ 30. Nf3 h6 31. Rxe8+ Rxe8 32. Be3 a6 33. Kg3 Nd6 34.
Nd4 Ne4+ 35. Kh2 Ng5 36. Nf5 Qf3 37. Qf1 Ne4 38. Nd4 Qf6 39. Nf5 h5 40. Qxc4
hxg4 41. hxg4 Qxb2 42. Bd4 Qd2 43. Nxg7 Qf4+ 44. Kh3 Ng5+ 0-1

[Event "POL ch 44"]
[Site "Wroclaw"]
[Date "1987.??.??"]
[Round "3"]
[White "Juroszek, Tadeusz"]
[Black "Matlak, Marek"]
[Result "0-1"]
[WhiteElo "2320"]
[BlackElo "2390"]
[PlyCount "42"]
[EventDate "1987.??.??"]
[Source "Polbase"]
[SourceDate "1999.10.27"]

1. e4 e6 2. d4 d5 3. Nc3 Bb4 4. Nge2 dxe4 5. a3 Be7 6. Nxe4 Nf6 7. Qd3 O-O 8.
Bf4 Nd5 9. Bd2 b6 10. c4 Ba6 11. g4 Nd7 12. Bg2 c5 13. O-O Rc8 14. Rfc1 cxd4
15. Qxd4 N5f6 16. b4 Nxe4 17. Qxe4 Nf6 18. Qd4 Bxc4 19. Rxc4 Rxc4 20. Qxc4 Qxd2
21. Nd4 Nxg4 0-1

[Event "POL ch 44"]
[Site "Wroclaw"]
[Date "1987.??.??"]
[Round "3"]
[White "Maciejewski, Miroslaw"]
[Black "Tomaszewski, Roman"]
[Result "1/2-1/2"]
[WhiteElo "2285"]
[BlackElo "2380"]
[PlyCount "116"]
[EventDate "1987.??.??"]
[Source "Polbase"]
[SourceDate "1999.10.27"]

1. d4 Nf6 2. c4 c5 3. Nf3 cxd4 4. Nxd4 b6 5. Nc3 Bb7 6. f3 Nc6 7. Nc2 e6 8. e4
Qb8 9. Be3 Bd6 10. Qd2 O-O 11. O-O-O Be5 12. Bd3 Rc8 13. f4 Bxc3 14. Qxc3 Na5
15. Qd4 d6 16. e5 dxe5 17. fxe5 Nc6 18. Qh4 Nxe5 19. Bg5 Nxd3+ 20. Rxd3 Ne4 21.
Rf1 Nxg5 22. Qxg5 h6 23. Qe7 Rc7 24. Rd7 Rxd7 25. Qxd7 f6 26. Qxe6+ Kh8 27. g3
Qe8 28. Qxe8+ Rxe8 29. Kd2 Kg8 30. Nd4 Kf7 31. Nb5 Rd8+ 32. Kc3 a6 33. Nd4 Be4
34. Re1 f5 35. g4 g6 36. gxf5 gxf5 37. b4 Rc8 38. Nb3 Bd5 39. Re5 Be6 40. Nd2
Kf6 41. Re3 Bxc4 42. Nxc4 b5 43. Kd3 Rxc4 44. a3 Rh4 45. h3 Rf4 46. Rg3 Re4 47.
Rg8 Re6 48. Kd4 f4 49. Rf8+ Kg5 50. Rg8+ Kh5 51. Rf8 Kg5 52. Rg8+ Rg6 53. Rf8
Rf6 54. h4+ Kf5 55. Rxf6+ Kxf6 56. Ke4 f3 57. Kxf3 Kf5 58. Kg3 h5 1/2-1/2

[Event "POL ch 44"]
[Site "Wroclaw"]
[Date "1987.??.??"]
[Round "3"]
[White "Pinkas, Karol"]
[Black "Bany, Jerzy"]
[Result "0-1"]
[WhiteElo "2405"]
[BlackElo "2430"]
[PlyCount "86"]
[EventDate "1987.??.??"]
[Source "Polbase"]
[SourceDate "1999.10.27"]

1. e4 e6 2. d4 d5 3. Nc3 Bb4 4. e5 c5 5. a3 Bxc3+ 6. bxc3 Ne7 7. Nf3 Qa5 8. Bd2
Nbc6 9. Be2 cxd4 10. cxd4 Qa4 11. Bc3 b6 12. Qd3 a5 13. Qd2 Ba6 14. Bxa6 Rxa6
15. O-O O-O 16. Ng5 Qc4 17. f4 h6 18. Nf3 Rc8 19. Bb2 a4 20. Rae1 Na5 21. Re2
Ra7 22. g4 Rac7 23. Ne1 Qb5 24. Bc1 Nb3 25. cxb3 Rxc1 26. bxa4 Qxa4 27. Qe3
R8c3 28. Qf2 Nc6 29. Rd2 Rd1 30. Rxd1 Qxd1 31. Nf3 Qd3 32. f5 exf5 33. gxf5
Qxf5 34. a4 Ra3 35. Qg2 Qe4 36. Qf2 Rc3 37. h3 Rc2 38. Qh4 Qxh4 39. Nxh4 Nxd4
40. Rb1 g5 41. Ng2 Nf3+ 42. Kh1 d4 43. Rf1 Nxe5 0-1

[Event "POL ch 44"]
[Site "Wroclaw"]
[Date "1987.??.??"]
[Round "3"]
[White "Przewoznik, Jan"]
[Black "Stempin, Pawel"]
[Result "1-0"]
[WhiteElo "2430"]
[BlackElo "2415"]
[PlyCount "62"]
[EventDate "1987.??.??"]
[Source "Polbase"]
[SourceDate "1999.10.27"]

1. e4 c5 2. b3 e6 3. Bb2 a6 4. Nf3 Nc6 5. d4 cxd4 6. Nxd4 Qa5+ 7. Nd2 Nf6 8.
Bd3 Nxd4 9. Bxd4 Bc5 10. Bb2 d6 11. O-O e5 12. Kh1 Qc7 13. f4 Ng4 14. Qf3 exf4
15. h3 h5 16. Bxg7 Rg8 17. Bc3 Be3 18. Nc4 b5 19. Ba5 Qe7 20. e5 bxc4 21. Qxa8
Qd7 22. Be4 Nxe5 23. Bc3 Ke7 24. Bxe5 dxe5 25. Rad1 Qc7 26. bxc4 Rg3 27. Rf3
Rg7 28. Rb1 f5 29. Bxf5 Rg8 30. Bxc8 Rxc8 31. Qxa6 Rb8 $138 1-0

[Event "POL ch 44"]
[Site "Wroclaw"]
[Date "1987.??.??"]
[Round "3"]
[White "Sygulski, Artur"]
[Black "Adamski, Jan"]
[Result "1/2-1/2"]
[WhiteElo "2400"]
[BlackElo "2420"]
[PlyCount "82"]
[EventDate "1987.??.??"]
[Source "Polbase"]
[SourceDate "1999.10.27"]

1. d4 d5 2. Nf3 Nf6 3. Bf4 c6 4. c3 Bf5 5. Qb3 Qb6 6. Nbd2 Nbd7 7. h3 h6 8. g4
Bh7 9. Bg2 Ne4 10. h4 e6 11. Ne5 Nxe5 12. Bxe5 Nxd2 13. Kxd2 f6 14. Bg3 Be7 15.
Rae1 Kd7 16. e4 Qxb3 17. axb3 a6 18. Re2 Rae8 19. Rhe1 g5 20. exd5 exd5 21. Rh1
Bg6 22. b4 Bd6 23. Rxe8 Rxe8 24. Bxd6 Kxd6 25. hxg5 hxg5 26. Rh6 Rg8 27. Bf1
Ke7 28. c4 dxc4 29. Bxc4 Rg7 30. Ke3 Be8 31. d5 Bd7 32. f3 cxd5 33. Bxd5 b6 34.
Be4 a5 35. bxa5 bxa5 36. Kd4 Rf7 37. Bg6 Rf8 38. Rh7+ Kd6 39. Be4 Rb8 40. Rf7
Rb4+ 41. Kc3 Ke6 1/2-1/2

[Event "POL ch 44"]
[Site "Wroclaw"]
[Date "1987.??.??"]
[Round "3"]
[White "Sznapik, Aleksander"]
[Black "Skrobek, Ryszard"]
[Result "1-0"]
[WhiteElo "2425"]
[BlackElo "2410"]
[PlyCount "73"]
[EventDate "1987.??.??"]
[Source "Polbase"]
[SourceDate "1999.10.27"]

1. e4 d5 2. exd5 Nf6 3. d4 Nxd5 4. Nf3 g6 5. Be2 Bg7 6. O-O O-O 7. c4 Nb6 8. h3
Nc6 9. Be3 e5 10. d5 Ne7 11. Nc3 Nf5 12. Bg5 f6 13. Bd2 c6 14. Rc1 cxd5 15.
cxd5 Bd7 16. Qb3 Be8 17. Rfd1 e4 18. Nxe4 Ba4 19. Qd3 Bxd1 20. Bxd1 Rc8 21.
Rxc8 Nxc8 22. Bb3 Nfd6 23. Nc5 Rf7 24. Ne6 Qd7 25. Nfd4 Bh8 26. h4 f5 27. Bf4
Bf6 28. h5 Ne7 29. Nc5 Qc7 30. Nde6 Qb6 31. Nd7 Qb5 32. Nxf6+ Rxf6 33. Qd4 Ne4
34. d6 Nc6 35. Qd1 Qb6 36. Be3 Qxb3 37. Qxb3 1-0

[Event "POL ch 44"]
[Site "Wroclaw"]
[Date "1987.??.??"]
[Round "4"]
[White "Adamski, Jan"]
[Black "Juroszek, Tadeusz"]
[Result "1-0"]
[WhiteElo "2420"]
[BlackElo "2320"]
[PlyCount "43"]
[EventDate "1987.??.??"]
[Source "Polbase"]
[SourceDate "1999.10.27"]

1. Nf3 d6 2. d4 Bg4 3. c4 c6 4. Nc3 Nd7 5. e4 e5 6. Be2 Ngf6 7. O-O Be7 8. Be3
O-O 9. Rb1 Re8 10. d5 Qb8 11. Nd2 Bxe2 12. Qxe2 cxd5 13. cxd5 Bd8 14. Rfc1 Bb6
15. Nb5 Re7 16. Nc4 Ne8 17. Bxb6 axb6 18. a3 g6 19. Qe3 Ra6 20. b4 Kh8 21. Qh6
f6 22. Ncxd6 1-0

[Event "POL ch 44"]
[Site "Wroclaw"]
[Date "1987.??.??"]
[Round "4"]
[White "Bany, Jerzy"]
[Black "Przewoznik, Jan"]
[Result "1-0"]
[WhiteElo "2430"]
[BlackElo "2430"]
[PlyCount "77"]
[EventDate "1987.??.??"]
[Source "Polbase"]
[SourceDate "1999.10.27"]

1. Nf3 Nf6 2. c4 e6 3. g3 d5 4. d4 dxc4 5. Qa4+ Nbd7 6. Bg2 a6 7. Nc3 Be7 8.
Bf4 Nd5 9. Qxc4 Nxf4 10. gxf4 b5 11. Qd3 Bb7 12. O-O c5 13. Rad1 c4 14. Qc2 Bd6
15. e3 Nf6 16. Ne5 Bxg2 17. Kxg2 O-O 18. Ne4 Nxe4 19. Qxe4 Qc7 20. Nf3 Be7 21.
d5 Qb7 22. Rd4 exd5 23. Rxd5 Rad8 24. Rfd1 Bf6 25. Ne5 g6 26. f3 Rxd5 27. Rxd5
Re8 28. Qd4 Qc7 29. Rd7 Bxe5 30. Qd5 Re7 31. Rxc7 Bxc7 32. Qc6 Bxf4 33. exf4
Re2+ 34. Kg3 h5 35. f5 Kg7 36. f6+ Kh6 37. h4 Re6 38. Qc5 Kh7 39. Qe7 1-0

[Event "POL ch 44"]
[Site "Wroclaw"]
[Date "1987.??.??"]
[Round "4"]
[White "Kuligowski, Adam"]
[Black "Sznapik, Aleksander"]
[Result "1/2-1/2"]
[WhiteElo "2400"]
[BlackElo "2425"]
[PlyCount "21"]
[EventDate "1987.??.??"]
[Source "Polbase"]
[SourceDate "1999.10.27"]

1. c4 e5 2. Nc3 Nf6 3. Nf3 Nc6 4. d3 d5 5. cxd5 Nxd5 6. g3 Be7 7. Bg2 Nb6 8.
O-O O-O 9. a3 Be6 10. b4 a5 11. b5 1/2-1/2

[Event "POL ch 44"]
[Site "Wroclaw"]
[Date "1987.??.??"]
[Round "4"]
[White "Matlak, Marek"]
[Black "Hawelko, Marek"]
[Result "1-0"]
[WhiteElo "2390"]
[BlackElo "2460"]
[PlyCount "81"]
[EventDate "1987.??.??"]
[Source "Polbase"]
[SourceDate "1999.10.27"]

1. Nf3 Nf6 2. c4 e6 3. d4 b6 4. g3 Bb7 5. Bg2 Bb4+ 6. Nbd2 c5 7. a3 Bxd2+ 8.
Qxd2 cxd4 9. Qxd4 Nc6 10. Qc3 Rc8 11. b4 Ne7 12. Bg5 Nf5 13. Rc1 d5 14. Qb3 O-O
15. cxd5 Rxc1+ 16. Bxc1 Bxd5 17. Qb2 Qa8 18. O-O Rc8 19. Bf4 Be4 20. Rc1 Nd5
21. Rxc8+ Qxc8 22. Qc1 Qxc1+ 23. Bxc1 Nc3 24. Bf1 Nd6 25. Nd2 Bd5 26. f3 f5 27.
Bb2 Na4 28. Be5 Nc4 29. Nxc4 Bxc4 30. Kf2 b5 31. Bd4 Nb6 32. Bxb6 axb6 33. Ke3
e5 34. f4 exf4+ 35. Kxf4 Kf7 36. Kxf5 Ke7 37. Ke5 Kd7 38. Bh3+ Ke7 39. e4 Bb3
40. Bf1 Ba4 41. Kd5 1-0